| 000 | 00645nam a22002057a 4500 | ||
|---|---|---|---|
| 003 | NUST-PNEC | ||
| 005 | 20170116180723.0 | ||
| 008 | 141029b xxu||||| |||| 00| 0 eng d | ||
| 020 | _a9788187570837 | ||
| 020 | _a8187570830 | ||
| 040 | _cPNEC | ||
| 082 | _a616.079 HAR | ||
| 100 |
_9854 _aHarun, Yahya |
||
| 245 |
_aThe miracle of the immune system _cHarun Yahya |
||
| 260 |
_aNew Dehli _bGoodword Books, _c2001. |
||
| 300 |
_a139 p. : _c23 cm. |
||
| 500 | _ahttp://www.amazon.com/Miracle-Immune-System-Harun-Yahya/dp/8187570830/ref=sr_1_1?s=books&ie=UTF8&qid=1414562112&sr=1-1&keywords=8187570830 | ||
| 650 | _xGeneral | ||
| 942 |
_2ddc _cBK |
||
| 999 |
_c61485 _d61485 |
||